000 00380nam a22001577a 4500
003 MPLRDC
005 20220104143348.0
008 210129b ||||| |||| 00| 0 eng d
082 _a857.9 GL-63 v.2 c.3
100 _a古龙
245 _a圆月弯刀. 下
_c
260 _a
_b汉麟出版社
_c1978
300 _b
650 _a武侠小说
942 _cBK
_o857.9 GL-63 v.2 c.3
999 _c39157
_d39147